| 000 | 00452pab a2200169 454500 | ||
|---|---|---|---|
| 008 | 180718b2005 xxu||||| |||| 00| 0 eng d | ||
| 100 | _aPaul, D.K. | ||
| 245 | _aWater management for achieving food security in India | ||
| 260 | _c2005 | ||
| 300 | _ap.10-16. | ||
| 362 | _aApr-Jun | ||
| 650 | _aFood supply - India | ||
| 650 | _aWater resources management - India | ||
| 650 | _aWater resources management | ||
| 773 | _aBhagirath | ||
| 909 | _a70827 | ||
| 999 |
_c70827 _d70827 |
||